| 000 | 01185cab a2200241 4500 | ||
|---|---|---|---|
| 001 | ABS58441 | ||
| 008 | 090401t1998 xxu||||| |||| 00| 0 eng d | ||
| 035 | _a(Sirsi) u84984 | ||
| 041 | _aeng | ||
| 245 | _aJobson v Record and another | ||
| 260 | _c1998 | ||
| 350 | _a0 | ||
| 490 |
_aEstates Gazette Law Reports _v[1998] 09 EG 148-149(2) |
||
| 520 | _aCA 16 April 1997. Defendants purchased a farm together with a right of way with the term of the grant of way that it be for agricultural use or for house access. The private roadway was used to transport felling equipment and transport timber. Plaintiff sought an injunction and damages on the grounds that the defendants` use of the right of way was unauthorised by the terms of the grant. County court held that felling of trees was an agricultural operation and within the terms of the grant although not the bringing in of felling equipment. The plaintiff appealed. Held, appeal allowed. | ||
| 650 | _aAGRICULTURAL USE | ||
| 650 | _aFARM | ||
| 650 | _aFORESTRY | ||
| 650 | _aPRIVATE ROADS | ||
| 650 | _aRIGHT OF WAY | ||
| 690 | _aHIGHWAYS RIGHTS OF WAY AND EASEMENTS-CASE LAW | ||
| 942 | _n0 | ||
| 948 | _c17/03/1998 | ||
| 999 |
_c53425 _d53425 |
||